000 00368nam a2200145Ia 4500
008 240624s9999 xx 000 0 und d
041 _aeng
082 _a658.8 KOT
100 _aKOTABE MASAAKI
245 _aGLOBAL MARKETING MANAGEMENT
250 _a(5th ed.)
260 _c2012
_aNew Delhi
_bWiley India
300 _axxiii, : 717 : p. : cm. ; 27
365 _cRS
_b31
999 _c20946
_d20946